Historia del ferrocarril al Atlántico : cien años del primer recorrido de una locomotora entre San José y Limón, 1890-1990 /
Spremljeno u:
| Glavni autori: | , |
|---|---|
| Format: | Nepoznato |
| Jezik: | Spanish |
| Teme: | |
| Oznake: |
Dodaj oznaku
Bez oznaka, Budi prvi tko označuje ovaj zapis!
|
MARC
| LEADER | 000000000a22000000004500 | ||
|---|---|---|---|
| 001 | 007769 | ||
| 041 | 0 | |a spa | |
| 100 | 1 | |a Carvajal Alvarado, Guillermo | |
| 100 | 1 | |a Botey Sobrado, Ana María | |
| 245 | 1 | 0 | |a Historia del ferrocarril al Atlántico : |b cien años del primer recorrido de una locomotora entre San José y Limón, 1890-1990 / |c Guillermo Carvajal Alvarado, Ana María Botey Sobrado. |
| 310 | |a semestral | ||
| 650 | 4 | |a FERROCARRILES | |
| 650 | 4 | |a COSTA RICA | |
| 650 | 4 | |a CONSTRUCCION | |
| 650 | 4 | |a FERROCARRIL NACIONAL AL ATLANTICO (COSTA RICA) | |
| 650 | 4 | |a HISTORIA | |
| 773 | 0 | |d San José, Costa Rica : Editorial de la Universidad de Costa Rica |t Herencia |g volumen 3, número 1/2 (1991), páginas 135-143 | |
| 942 | |c ARC | ||
| 999 | |c 14643 |d 14643 | ||
